000
00193 a2200097 4500
001
3612
100
_a
Cranston, R
245
_a
World faith
260
_a
_b
Skeffington
_c
090
_c
2876
_d
2876
942
_a
NUST-CAE
_c
M
_c
20846
999
_c
238685
_d
238685